000 00305nam a22001217a 4500
008 230704b xxu||||| |||| 00| 0 eng d
082 _a341.24
_bEAC
100 _cEAC
245 _aProceedings of the East African Legislative Assembly Debates
260 _aArusha
_c1969
300 _a851p
942 _2ddc
_cBK
999 _c3650
_d3650